| 000 | 00633nam a2200205Ia 4500 | ||
|---|---|---|---|
| 003 | OSt | ||
| 005 | 20230331162222.0 | ||
| 008 | 210423s2008 xx 000 0 und d | ||
| 020 | _a9788130911045 | ||
| 040 | _cAL | ||
| 041 | _aeng | ||
| 082 | _a658.3 SMAB | ||
| 100 |
_aSMART (Bradford D). _981176 |
||
| 245 | _aTopgrading: how leading companies win by hiring coaching and keeping the best people. | ||
| 260 |
_aNew Delhi _bViva Books Pvt Ltd _c2008 |
||
| 300 |
_axi,403 _bPB |
||
| 365 |
_b450 _cINR |
||
| 906 | _abest ; caoching ; companies ; hiring ; how ; keeping ; leading ; people. ; Topgrading: ; win | ||
| 942 |
_2ddc _cBK |
||
| 999 |
_c157744 _d157744 |
||